• 首页
  • 本馆介绍
  • 公告通知
  • 最新文献
  • 馆藏检索
  • 电子资源
  • 读者导购
  • 参考咨询
  • 我的图书馆
  • 登录
  • 详细信息显示
  • 放入我的书架
  • 预约/预借图书
  • 作者相关作品
  • 分类相关作品
  • 丛书相关作品
  • 出版社相关作品

书目信息

  • 表格格式
  • 工作单格式
  • 卡片格式
题名:
历届世界杯足球赛纪实
    
 
作者: 王步文 编
分册:  
出版信息: 北京   人民体育出版社  1980
页数: 203页
开本: 21cm
丛书名:
单 册:
中图分类: G843.732
科图分类:
主题词: 足球运动-杯赛--概况--世界 , 杯赛-足球运动--概况--世界
电子资源:
ISBN:
000 00671nam0 2200241 45
001 0180001264
005 20060803171857.51
010    @dCNY1.35
091    @aCN@b7015.1831
100    @a19950630d1980 em y0chiy0121 ea
101 0  @achi
102    @aCN@b110000
105    @af z 000yy
200 10 @a历届世界杯足球赛纪实@Ali jie shi jie bei zu qiu sai ji shi@f王步文编
210    @a北京@c人民体育出版社@d1980
215    @a203页@c图@d21cm
606    @a足球运动-杯赛@x概况@y世界
606    @a杯赛-足球运动@x概况@y世界
690    @aG843.732@v3
701  0 @a王步文@Awang bu wen@4编
801  2 @aCN@bNLC@c20060803
801  0 @aCN@bTSSF
905    @a10447@dG843.732@e211
    
    历届世界杯足球赛纪实/王步文编.-北京:人民体育出版社,1980
    203页:图;21cm
    
    
    ISBN :CNY1.35
    
●
相关链接 在E读中查询图书 在五车中查询图书 在当当中查询图书 在豆瓣中查询图书


正题名:历届世界杯足球赛纪实     索取号:G843.732/211         预约/预借

序号 登录号 条形码 馆藏地/架位号 状态 备注
1 0446716   204467166   密集书库/ [索取号:G843.732/211] 在馆    
唐山师范学院图书馆 欢迎您!
大连网信软件有限公司© 版权所有